Mammifères marins - Mort subite - Statistiques

Statistiques générales
  • Ce quiz a été pris 1 310 fois
  • Le résultat moyen est 8 sur 18
Answers on the Grid
Answers color-coded by a green-red scale on the quiz's grid according to % correct below.
Cachalot
Rorqual
Dauphin
Marsouin
Béluga
Narval
Lamantin
Phoque
Otarie
Morse
Loutre de mer
Orque
Globicéphale
Lion de mer
Baleine bleue
Baleine blanche
Baleine rose
Requin marteau
Calmar géant
Baleine grise
Mégalodon
Espadon
Manchot empereur
Nessie
Raie manta
Petite sirène
Tortue
Cynocéphale
Octodon
Macrocéphale
Léopard de mer
Gazelle de mer
Marlin
Tarpon
Kraken
 
Statistiques - réponses
Réponse % Correct
Dauphin
54%
Baleine bleue
53%
Cachalot
51%
Orque
51%
Béluga
49%
Phoque
49%
Otarie
48%
Baleine grise
45%
Morse
45%
Lamantin
44%
Narval
43%
Lion de mer
41%
Baleine blanche
40%
Loutre de mer
37%
Léopard de mer
33%
Marsouin
33%
Rorqual
30%
Globicéphale
14%
Aucun quiz correspondant
Distribution des résultats
% des personnes avec chaque résultat
Percentile par nombre de réponses
Votre historique - résultats
Vous n’avez pas pris ce quiz